000 00588nam a22002177a 4500
008 150602b xxu||||| |||| 00| 0 eng d
020 _a0618372296
020 _a061837230X
041 0 _aeng
080 _a331
100 1 _aPride, William M.,
245 1 0 _aBusiness /
_cWilliam M. Pride, Robert J. Hughes, Jack R. Kapoor.
250 _a8th ed.
260 _aBoston :
_bHoughton Mifflin Co.,
_c2005.
300 _a667, [95] f.
_bme il.;
_c28 cm.
650 0 _aOrganizimi
650 0 _aIndustrial
700 1 _aHughes, Robert James,
700 1 _aKapoor, Jack R.,
942 _2udc
_cBK
999 _c970
_d970